[Event "Oslo Chess Festival 2018"]
[Site "Oslo"]
[Date "2018.10.06"]
[Round "9"]
[White "Nordquelle, Daniel"]
[Black "Vasyliv, Stanislav"]
[Result "0-1"]
[WhiteElo "2235"]
[BlackElo "2142"]
[Annotator "NA"]
[PlyCount "118"]
[EventDate "2018.09.30"]
[EventCountry "NOR"]
[SourceTitle "playchess.com"]
[Source "ChessBase"]
[SourceQuality "1"]
[TimeControl "40/5400+30:1800+30"]

{[%evp 12,84,0,32767,32767,32767,32767,32767,32767,32767,32767,-38,-14,-23,-35,-35,0,-439,-436,-498,-528,-510,-556,-431,-319,-330,-77,-71,-79,-98,-75,-102,-76,-77,-71,-79,-90,-77,-75,-51,-64,-64,-62,32767,32767,32767,-106,-118,-126,-102,-112,-102,-108,-98,-68,-97,-85,-73,150,186,399,-169,-45,-81,-106,-93,0,-169,-163,-622,-718,-503,-611,-908,-436]} 1. e4 {[%emt 0:00:00]} c5 {[%emt 0:00:00]} 2. Nc3 {[%emt 0:00:24]} d6 {[%emt 0:00:00]} 3. g3 {[%emt 0:00:06]} Nc6 {[%emt 0:00:07]} 4. Bg2 {[%emt 0:00:05]} g6 {[%emt 0:00:05]} 5. Nge2 {[%emt 0:00:06]} Bg7 {[%emt 0:00:04]} 6. d3 {[%emt 0:00:08]} e6 {[%emt 0:02:08] LiveBook: 230 Games} 7. Be3 {[%emt 0:00:17]} Nd4 {[%emt 0:00:10]} 8. Qd2 {[%emt 0:00:28]} Ne7 {[%emt 0:00:17]} 9. Bg5 {[%emt 0:01:37] B26: Closed Sicilian: 3 g3, lines with early Be3} (9. O-O O-O 10. Nd1 Nxe2+ 11. Qxe2 b6 12. h4 Bb7 13. h5 Qd7 14. Bg5 Rae8 15. c3 f6 16. Bd2 f5 17. Ne3 d5 18. Rad1 Qb5 19. a4 Qd7 {½-½ (39) Adams,M (2742)-Timman,J (2605) Wijk aan Zee 2002}) 9... Rb8 {[%emt 0:01:36]} 10. Nd1 $146 {[%emt 0:01:11]} ({Predecessor:} 10. Nxd4 cxd4 11. Ne2 h6 12. Bxe7 Qxe7 13. O-O Qc7 14. c4 dxc3 15. Nxc3 b5 16. Rfc1 Qb6 {0-1 (50) Alves,J-Souza Filho,N (2131) Vitoria 2006}) 10... Nxe2 {[%emt 0:02:53]} 11. Kxe2 {[%emt 0:03:58]} O-O {[%emt 0:11:01]} 12. Bh6 {[%emt 0:02:06]} e5 {[%emt 0:10:41]} 13. h4 {[%emt 0:06:04]} f6 {[%emt 0:04:25]} 14. h5 $2 {[%emt 0:02:55] [#]} (14. Bxg7 $11 Kxg7 15. h5) 14... Bxh6 $1 {[%emt 0:02:20]} 15. Qxh6 {[%emt 0:02:22] [#]} g5 $1 {[%emt 0:00:04]} (15... Bg4+ 16. f3 $16) 16. Ne3 {[%emt 0:07:45]} Kh8 {[%emt 0:00:55]} 17. f4 {[%emt 0:00:13]} Ng8 {[%emt 0:01:29]} 18. Qg6 {[%emt 0:00:09]} hxg6 $2 {[%emt 0:00:27]} (18... c4 $19 {has better winning chances.} 19. Nf5 cxd3+ 20. cxd3 Bxf5 21. Qxf5 Ne7) 19. hxg6+ {[%emt 0:00:51]} Kg7 {[%emt 0:01:03]} 20. f5 {[%emt 0:11:00]} Nh6 {[%emt 0:01:50] [#]} 21. Rxh6 $1 {[%emt 0:00:04] [#]} Rh8 $1 {[%emt 0:00:14]} ({Inferior is} 21... Kxh6 22. Rh1+ Kg7 23. Rh7+ Kg8 24. Ng4 Rf7 25. Rxf7 Kh8 26. Rh7+ Kg8 27. Nh6+ Kf8 28. g7+ Ke8 29. g8=Q#) 22. Rxh8 {[%emt 0:00:05]} Qxh8 {[%emt 0:00:49]} 23. Rh1 {[%emt 0:00:19]} Qg8 {[%emt 0:06:00]} 24. Nd5 {[%emt 0:00:33]} Bd7 {[%emt 0:04:49]} 25. Ne7 $1 {[%emt 0:00:36] [#]} Qh8 $1 {[%emt 0:00:08]} 26. Rxh8 {[%emt 0:00:06]} Rxh8 {[%emt 0:00:07]} 27. Nd5 {[%emt 0:00:05]} b5 {[%emt 0:01:56]} 28. c4 {[%emt 0:03:32]} a5 {[%emt 0:04:25]} 29. Kd2 {[%emt 0:01:22]} a4 {[%emt 0:13:12]} 30. cxb5 {[%emt 0:13:42]} Bxb5 {[%emt 0:00:16]} 31. Kc3 {[%emt 0:01:38]} Rh2 {[%emt 0:05:53]} 32. Ne3 {[%emt 0:00:06]} Ba6 {[%emt 0:00:28]} 33. b3 {[%emt 0:00:08]} a3 {[%emt 0:01:26]} 34. Kc2 {[%emt 0:00:24]} d5 $2 {[%emt 0:01:17]} (34... Kg8 $15 {behält die Oberhand.}) 35. exd5 {[%emt 0:02:06] [#]} e4 $2 {[%emt 0:02:10]} (35... g4 $1 $16 {[%mdl 512]}) 36. Kc3 $4 {[%emt 0:00:50]} (36. dxe4 $18 Bf1 37. Nxf1 Rxg2+ 38. Nd2 Rxg3 39. d6) 36... exd3 {[%emt 0:05:12]} (36... Bxd3 $19 37. d6 Bb1) 37. d6 {[%emt 0:01:29]} Bb5 {[%emt 0:00:10]} 38. g4 {[%emt 0:02:11]} Rh8 $2 {[%emt 0:01:16]} (38... Kf8 $17 39. Kd2 Kg8) 39. Nf1 $2 {[%emt 0:08:35]} (39. Nc4 $11 {and White stays safe.}) 39... Rd8 {[%emt 0:00:49]} 40. Ng3 $2 {[%emt 0:00:29]} (40. Nd2) 40... Rxd6 {[%emt 0:00:20]} 41. Nh5+ {[%emt 0:30:09]} Kh6 {[%emt 0:32:26]} 42. g7 {[%emt 0:00:26]} Rd8 $19 {[%emt 0:01:55]} 43. Kd2 {[%emt 0:05:34]} c4 {[%emt 0:00:58]} 44. Bd5 {[%emt 0:02:18]} c3+ {[%emt 0:01:45]} 45. Kxc3 {[%emt 0:00:05]} d2 {[%emt 0:00:05]} 46. Bf3 {[%emt 0:00:15]} Bc6 {[%emt 0:01:02]} 47. Bd1 {[%emt 0:00:50]} Bd5 {[%emt 0:00:27]} 48. Nxf6 {[%emt 0:00:21]} Kxg7 {[%emt 0:00:17]} 49. Nxd5 {[%emt 0:00:17]} Rxd5 {[%emt 0:00:03]} 50. b4 {[%emt 0:04:28]} Kf6 {[%emt 0:00:26]} 51. Kb3 {[%emt 0:00:31]} Ke5 {[%emt 0:03:50]} 52. Kxa3 {[%emt 0:00:33]} Kd4 {[%emt 0:00:17]} 53. Kb3 {[%emt 0:02:22]} Ke3 {[%emt 0:01:30]} 54. a4 {[%emt 0:01:21]} Rd3+ {[%emt 0:07:13]} 55. Kc4 {[%emt 0:01:37]} Ra3 {[%emt 0:00:21]} 56. b5 {[%emt 0:01:16]} Ra1 {[%emt 0:00:10]} 57. Bb3 {[%emt 0:00:28]} Rb1 {[%emt 0:00:05]} 58. Bc2 {[%emt 0:00:07]} Rc1 {[%emt 0:00:04]} 59. Kb3 {[%emt 0:00:11]} Rxc2 {[%emt 0:00:06]} 0-1

[Event "Oslo Chess Festival 2018"]
[Site "Oslo"]
[Date "2018.10.06"]
[Round "9"]
[White "Lobersli, Henrik Oie"]
[Black "Mikalsen, Erlend"]
[Result "0-1"]
[WhiteElo "2120"]
[BlackElo "2332"]
[Annotator "NA"]
[PlyCount "114"]
[EventDate "2018.09.30"]
[EventCountry "NOR"]
[SourceTitle "playchess.com"]
[Source "ChessBase"]
[SourceQuality "1"]
[TimeControl "40/5400+30:1800+30"]

{[%evp 8,69,16,22,18,-4,11,16,14,10,18,0,39,44,50,40,52,32767,32767,32767,32767,7,0,-28,-20,-45,0,-20,-29,-52,-31,-33,-2,-65,-68,-76,-68,-83,-77,-71,-68,-98,-78,-71,-64,-35,0,0,0,-10,0,-6,0,-54,-52,-94,-82,-71,-50,-41,-48,-72,-31,-125]} 1. d4 {[%emt 0:00:00]} Nf6 {[%emt 0:02:12]} 2. c4 {[%emt 0:00:00]} e6 {[%emt 0:00:06]} 3. g3 {[%emt 0:00:11]} d5 {[%emt 0:00:09]} 4. Nf3 {[%emt 0:00:28]} dxc4 {[%emt 0:01:22]} 5. Bg2 {[%emt 0:00:32]} c5 {[%emt 0:00:06]} 6. Qa4+ {[%emt 0:01:00]} Nc6 {[%emt 0:01:58]} 7. O-O {[%emt 0:01:01]} Bd7 {[%emt 0:01:27]} 8. Qxc4 {[%emt 0:00:43]} b5 {[%emt 0:00:04] LiveBook: 298 Partien} 9. Qc3 {[%emt 0:00:15] E04: Katalanisch} c4 {[%emt 0:09:11]} (9... b4 10. Qd3 Rc8 11. dxc5 Bxc5 12. Be3 Bxe3 13. Qxe3 Qb6 14. Qxb6 axb6 15. Nbd2 Na5 16. Rfc1 Ke7 17. Kf1 Rhd8 18. Ne5 Bb5 19. Ke1 Nd7 {½-½ (19) Bluebaum,M (2633)-Kryvoruchko,Y (2705) Brest 2018}) 10. a4 {[%emt 0:12:38]} Nd5 {[%emt 0:01:59]} 11. Qc2 {[%emt 0:01:20]} a6 $146 {[%emt 0:00:14]} ({Vorgänger:} 11... Ndb4 12. Qd1 bxa4 13. Ne5 Rc8 14. Nxd7 Qxd7 15. e3 Be7 16. Qxa4 O-O {1-0 (43) Tunik,G (2419)-Konaplev,A (2272) Taganrog 2016}) 12. axb5 {[%emt 0:01:33]} axb5 {[%emt 0:00:06]} 13. Rxa8 {[%emt 0:00:15]} Qxa8 {[%emt 0:00:03]} 14. e4 {[%emt 0:09:49]} Ndb4 {[%emt 0:04:43]} 15. Qe2 {[%emt 0:00:58]} Nd3 {[%emt 0:04:31]} 16. b3 {[%emt 0:07:48]} Ncb4 {[%emt 0:13:48]} 17. bxc4 {[%emt 0:08:06]} bxc4 {[%emt 0:00:06]} 18. d5 {[%emt 0:02:02]} Bc5 {[%emt 0:04:32]} ({And not} 18... exd5 19. exd5+ Kd8 20. Ng5 $16) 19. Be3 {[%emt 0:04:01]} Qa7 {[%emt 0:01:40]} 20. Bxc5 {[%emt 0:05:07]} (20. Nfd2 $1 $11) 20... Qxc5 {[%emt 0:00:42]} 21. Nc3 {[%emt 0:00:36]} O-O {[%emt 0:00:19]} ({Much worse is} 21... exd5 $6 22. exd5+ Qe7 23. Nd2 $16) 22. Bh3 {[%emt 0:01:35]} Bc8 {[%emt 0:03:07]} 23. dxe6 {[%emt 0:07:15]} Bxe6 {[%emt 0:02:18]} 24. Bxe6 {[%emt 0:00:12]} fxe6 {[%emt 0:00:07]} 25. e5 {[%emt 0:04:23]} Nc6 {[%emt 0:02:33]} 26. Ng5 {[%emt 0:03:26]} Qxe5 {[%emt 0:17:55]} ({But not} 26... Ncxe5 $6 27. Qe4 $14) 27. Qxe5 {[%emt 0:01:01]} Ncxe5 {[%emt 0:00:09]} 28. f4 {[%emt 0:03:07]} Ng4 {[%emt 0:02:42]} 29. Nxe6 {[%emt 0:02:44]} Rb8 {[%emt 0:02:14]} 30. Rb1 {[%emt 0:02:24]} Rb3 {[%emt 0:00:04]} 31. Rxb3 {[%emt 0:01:32]} cxb3 {[%emt 0:00:04]} 32. Nd4 {[%emt 0:00:53]} b2 {[%emt 0:00:05]} 33. Nc2 $1 {[%emt 0:02:47]} Kf7 {[%emt 0:00:46]} 34. h3 {[%emt 0:01:46]} Ngf2 {[%emt 0:01:33]} 35. Kg2 $17 {[%emt 0:01:06]} (35. Na3 $11) 35... Ke7 {[%emt 0:05:19]} 36. Nb1 {[%emt 0:01:27]} Kd6 {[%emt 0:00:30]} 37. Ne1 {[%emt 0:03:51]} Kd5 {[%emt 0:00:49]} 38. Nxd3 {[%emt 0:00:34]} Nxd3 {[%emt 0:00:04]} 39. Kf3 {[%emt 0:00:47]} Kd4 {[%emt 0:00:25]} 40. f5 {[%emt 0:09:20]} Nc5 {[%emt 0:02:41]} 41. g4 {[%emt 0:03:11]} Ne4 {[%emt 0:01:18]} 42. Kf4 {[%emt 0:07:13]} Nc3 {[%emt 0:00:21]} 43. Na3 {[%emt 0:00:09]} Nd5+ {[%emt 0:14:34]} 44. Kf3 {[%emt 0:09:11]} Ne3 {[%emt 0:18:40]} 45. Kf4 {[%emt 0:01:24]} Nc4 {[%emt 0:01:28]} 46. Nb1 {[%emt 0:01:06]} Kd3 {[%emt 0:01:41]} 47. g5 {[%emt 0:00:24]} Kc2 {[%emt 0:00:08]} 48. f6 {[%emt 0:00:17]} gxf6 {[%emt 0:00:04]} 49. gxf6 {[%emt 0:00:09]} Kxb1 {[%emt 0:00:51]} 50. f7 {[%emt 0:00:06]} Kc1 {[%emt 0:00:16]} 51. f8=Q {[%emt 0:00:11]} b1=Q {[%emt 0:00:05]} 52. Qf5 {[%emt 0:05:44]} Qb7 {[%emt 0:00:31]} 53. Kg5 {[%emt 0:01:27]} Qg7+ {[%emt 0:00:40]} 54. Kh5 {[%emt 0:00:46]} Ne3 {[%emt 0:01:54]} 55. h4 {[%emt 0:04:30]} Qe7 {[%emt 0:03:22]} 56. Qf4 {[%emt 0:01:45]} Qe8+ {[%emt 0:00:35]} 57. Kh6 {[%emt 0:01:01]} Qg6# {[%emt 0:00:37]} 0-1

[Event "Oslo Chess Festival 2018"]
[Site "Oslo"]
[Date "2018.10.06"]
[Round "9"]
[White "Melaa, Sondre"]
[Black "Van Zyl-Rudd, Jack"]
[Result "1/2-1/2"]
[WhiteElo "2011"]
[BlackElo "2265"]
[Annotator "TA"]
[PlyCount "100"]
[EventDate "2018.09.30"]
[EventCountry "NOR"]
[SourceTitle "playchess.com"]
[Source "ChessBase"]
[SourceQuality "1"]

{[%evp 23,100,50,36,25,102,100,120,112,114,103,92,89,107,101,120,81,125,139,149,2,143,-123,-122,-127,-134,-126,-122,-128,-137,-127,-130,-186,600,-87,-109,-168,-168,-167,-168,-206,-159,-152,-149,-173,-151,-228,-213,-602,-599,-567,-381,-282,0,0,0,-5956,-5956,-6512,-6472,-5880,-5527,-6548,-6195,-5431,-8,-8,-8,-8,-8,-8,-8,-8,-8,-8,-8,-8,-8,-8,5064]} 1. e4 Nc6 2. Nf3 d6 3. d4 {[%cal Bd2d4,Bd4d5][%mdl 32]} Nf6 4. Nc3 g6 5. d5 Nb8 6. Be2 Bg7 7. O-O O-O 8. Be3 e5 {B08: Pirc-Ufimzew-Verteidigung} (8... c6 9. a4 b6 10. Qd2 Bb7 11. Rfd1 a6 12. Bh6 cxd5 13. exd5 Nbd7 14. Bxg7 Kxg7 15. Nd4 Qc7 16. f4 Qc5 {0-1 (28) Hou,Y (2658)-Nakamura,H (2777) chess.com INT 2018}) 9. dxe6 Bxe6 10. Nd4 Bd7 11. f3 Nc6 12. Qd2 Re8 {LiveBook: 3 Partien} 13. a4 $146 ({Vorgänger:} 13. Rad1 a6 14. a4 Ne5 15. h3 Rb8 16. f4 Nc6 17. Bf3 Nxd4 18. Bxd4 Bc6 19. e5 dxe5 20. Bxe5 Bxf3 21. Rxf3 Qxd2 22. Rxd2 {½-½ (38) Bivol,A (2375)-Gritsayeva,O (2373) Sochi 2017}) 13... d5 (13... Nxd4 $11 14. Bxd4 Nh5) 14. exd5 $16 Nb4 15. Bc4 c5 16. dxc6 $1 bxc6 17. Rfe1 Nfd5 18. Bxd5 cxd5 19. Ncb5 a6 20. Qxb4 {zielt auf Sc3 ab.} ({Natürlich nicht} 20. Nd6 $6 Rxe3 21. Qxe3 Qf6 $11) 20... axb5 21. Nxb5 (21. a5 $1 $16) 21... Qb8 (21... Bxb5 $11 {bleibt in der Remisbreite.} 22. Qxb5 Rb8) 22. c3 $2 {[%mdl 8192]} (22. Bc5 $16 {hält den Druck.}) 22... Bxb5 $1 $17 23. Qxb5 Qxb5 24. axb5 {Schwarz muss nun Txa8 beachten.} Rxa1 25. Rxa1 Rxe3 {[%mdl 4096] Endspiel KTL-KT} 26. Ra8+ Bf8 27. b6 (27. Rd8 $17) 27... Re1+ (27... Re7 $19 {bietet bessere Gewinnchancen. Droht stark ...Tb7.} 28. Rb8 Re6) 28. Kf2 Re7 29. Rd8 (29. b4 $17 {ist wohl besser.}) 29... Rb7 $19 30. Rxd5 Rxb6 31. b4 Kg7 32. Ke3 Kf6 33. Kd4 Rd6 34. Rxd6+ (34. Kc4 $17) 34... Bxd6 $17 {KL-KB} 35. Kd5 $2 (35. h3 Be5+ 36. Kc4) 35... Bxh2 $19 36. c4 {[%cal Bc3c4,Bc4c5][%mdl 32]} Ke7 37. Kc6 Ke6 $2 (37... Bg3 $19 {Und ...Kd8 würde nun gewinnen.} 38. c5 Be1) 38. c5 $1 $11 Ke5 {Und weiter mit ...Kd4 wäre nett.} 39. b5 $2 {[%mdl 8192] [#]} (39. Kb7 $11 Kd4 40. c6) 39... Kd4 $1 $19 {[%cal Rd4c4]} 40. b6 Kc4 41. b7 {[#]} Bb8 $1 42. f4 f6 43. g3 h5 $2 (43... f5 $19 44. Kb6 Kd5) 44. Kd7 $1 $132 {[%mdl 2048] Die Stellung ist ausgeglichen. Weiss is not keeping still} (44. Kb6 Kd5 $19) 44... Kxc5 {KL-K3B} 45. Ke6 $1 g5 46. fxg5 $1 fxg5 47. Kf5 $1 h4 48. gxh4 gxh4 {( -> ...h3)} 49. Kg4 Bg3 {[#]} 50. b8=Q $1 {[%mdl 512]} Kd5 $2 {[%mdl 40960] Precision: Weiß = 53%, Schwarz = 59%. . An unexpected result.} (50... Bxb8 $11 51. Kxh4) 1/2-1/2

[Event "Oslo Chess Festival 2018"]
[Site "Oslo"]
[Date "2018.10.06"]
[Round "9"]
[White "Boe, Oeyvind"]
[Black "Sousa, Ludy Helsio Paulo"]
[Result "0-1"]
[WhiteElo "1885"]
[BlackElo "2175"]
[Annotator "TA"]
[PlyCount "149"]
[EventDate "2018.09.30"]
[EventCountry "NOR"]
[SourceTitle "playchess.com"]
[Source "ChessBase"]
[SourceQuality "1"]

{[%evp 23,149,21,45,-5,5,-7,-7,-8,0,0,0,0,0,-27,-25,-18,-7,-16,-5,-10,33,47,62,0,0,0,81,85,74,83,87,82,85,71,76,56,86,67,67,37,76,0,0,0,0,0,0,0,0,0,0,0,0,0,0,0,0,0,0,0,0,0,0,0,0,0,0,0,0,0,0,0,0,0,0,0,0,0,0,0,0,0,0,0,0,0,0,0,0,0,0,0,0,0,0,0,0,0,0,0,0,0,0,0,0,0,0,0,0,0,0,0,0,-29984,-29985,-29985,-29985,-29988,-29986,-29989,-29980,-29980,-29981,-29981,-29982,-29980,-29981,-29980]} 1. d4 Nf6 2. Nf3 d6 3. g3 g6 4. Bg2 Bg7 5. O-O Nbd7 6. c4 O-O 7. Nc3 e5 8. e4 exd4 9. Nxd4 Re8 10. Re1 Nc5 11. h3 a5 12. Rb1 Nfd7 {[%cal Bf6d7,Bd7e5,Be5c4,Bc4a3][%mdl 32] LiveBook: 24 Partien} 13. Ndb5 {E68: Königsindisch (Hauptvariante des g3-Systems mit e2-e4)} Ne5 14. Be3 $146 ({Vorgänger:} 14. Bf1 f5 15. f4 Nf7 16. e5 Na6 17. exd6 Rxe1 18. Qxe1 c6 19. Nc7 Nxc7 20. dxc7 Qxc7 {1-0 (38) Zubarev,A (2470)-Varavin,V (2489) Alushta 2001}) 14... Nxc4 15. Bxc5 {Die Stellung ist ausgeglichen.} dxc5 16. Qxd8 Rxd8 17. Nxc7 Rb8 $1 18. N7d5 Be6 19. b3 Na3 {...Lxc3 ist eine echte Drohung.} 20. Rbc1 Bf8 21. Na4 Rbc8 22. Nab6 Rc6 23. e5 ({Günstiger ist} 23. Nc4 $14 Nxc4 24. bxc4) 23... Kg7 $1 $11 24. Red1 $36 {[%mdl 2048] Schwarz steht unter Druck.} h5 {[#]} (24... Bxd5 $11 {hält das Gleichgewicht.} 25. Rxd5 (25. Nxd5 c4 $14) 25... Rxd5 26. Nxd5 c4 27. bxc4 b5) 25. Nc4 $1 $16 {[%cal Rc4a3]} Nxc4 26. bxc4 Ra6 27. Rb1 Rd7 28. f4 a4 29. Rb5 a3 30. Kf2 Be7 31. Rdb1 (31. Bf3 {looks sharper.} Ra4 32. Rc1 Bd8 33. g4 hxg4 34. hxg4 b6 35. Kg3) 31... Bf5 32. Rxb7 (32. R1b3 $16) 32... Bxb1 $11 33. Rxd7 {Schwarz muss nun Sc3 beachten.} Bxa2 34. Rxe7 {Und weiter mit Sf6 wäre nett.} ({Jedoch nicht} 34. Nxe7 $2 Bb1 $19) 34... Bxc4 35. Nc3 a2 36. Nxa2 $1 Rxa2+ {[%mdl 4096] Endspiel KTL-KTL} 37. Kg1 Be6 38. Rc7 c4 39. Be4 Re2 40. Bf3 Rd2 41. h4 Kf8 42. Kf1 Ke8 43. Ke1 Rh2 44. Rc5 Ke7 45. Rc7+ Kd8 46. Rc5 Kd7 47. Bb7 Ke7 48. Rc7+ Kd8 49. Rc5 Rc2 50. Be4 Ra2 51. Bf3 Kd7 52. Bb7 Ke7 53. Rc7+ Kd8 54. Rc5 Rb2 55. Be4 Kd7 56. Bf3 Rc2 57. Bc6+ Ke7 58. Be4 Rb2 59. Rc7+ Kd8 60. Rc5 Kd7 61. Bf3 Rb3 62. Kf2 Rc3 63. Bb7 Rc1 64. Be4 c3 65. Ke2 Bb3 66. Bd5 Bxd5 67. Rxd5+ {KT-KT} Kc6 68. Rd1 $2 {[%mdl 8192] [#]} (68. Rd6+ $11 Kb5 69. Kd3) 68... Rxd1 {Schwarz setzt Matt.} 69. Kxd1 {KB-KB} Kd5 70. Kc2 Kd4 71. Kc1 Ke4 72. Kc2 Kf3 73. Kxc3 Kxg3 74. Kd4 Kxf4 75. Kd5 {Precision: Weiß = 62%, Schwarz = 79%.} 0-1

[Event "Oslo Chess Festival 2018"]
[Site "Oslo"]
[Date "2018.10.07"]
[Round "10"]
[White "Basso, Pier Luigi"]
[Black "Solberg, Joachim"]
[Result "1-0"]
[WhiteElo "2530"]
[BlackElo "2188"]
[Annotator "TA"]
[PlyCount "41"]
[EventDate "2018.09.30"]
[EventCountry "NOR"]
[SourceTitle "playchess.com"]
[Source "ChessBase"]
[SourceQuality "1"]

{[%evp 23,41,24,21,0,26,26,24,14,56,52,58,49,51,47,60,47,150,148,156,143]} 1. d4 d5 2. c4 e6 3. Nc3 c5 4. cxd5 cxd4 5. Qxd4 Nc6 6. Qd1 exd5 7. e3 Nf6 8. Nf3 Bd6 9. Be2 O-O 10. O-O Bg4 11. b3 Rc8 12. Bb2 {D32: Tarrasch Defence: Sidelines and lines without g3} Re8 {LiveBook: 12 Games} 13. h3 Be6 $146 ({Predecessor:} 13... Bh5 14. Nb5 Bb8 15. Bxf6 Qxf6 16. Qxd5 Bxf3 17. Qxf3 Qe5 18. g3 a6 19. Na3 Qc5 20. Nc4 b5 21. Nd2 Ne5 22. Qb7 Qc2 23. Rfd1 {½-½ (24) Marcelin,C (2462)-Villegas,P (2345) Brest 2018}) 14. Nb5 {White has an edge.} Bb8 15. Rc1 a6 16. Nbd4 Nxd4 17. Qxd4 Qd6 18. Bd3 Rxc1 19. Rxc1 Rc8 (19... Bd7 $14) 20. Rxc8+ $16 Bxc8 {[#]} 21. Qh4 $1 1-0

[Event "Oslo Chess Festival 2018"]
[Site "Oslo"]
[Date "2018.10.07"]
[Round "10"]
[White "Pakleza, Zbigniew"]
[Black "Pavlovic, Milos"]
[Result "1/2-1/2"]
[WhiteElo "2502"]
[BlackElo "2481"]
[Annotator "TA"]
[PlyCount "30"]
[EventDate "2018.09.30"]
[EventCountry "NOR"]
[SourceTitle "playchess.com"]
[Source "ChessBase"]
[SourceQuality "1"]

{[%evp 11,19,3,5,9,17,2,9,5,12,6]} 1. Nf3 c5 2. c4 g6 3. Nc3 Bg7 4. g3 Nc6 5. Bg2 d6 6. O-O e6 {The position is equal.} 7. b3 {A37: Symmetrical English vs ...g6: 4 Bg2 Bg7 5 Nf3} (7. e3 Nge7 8. d4 O-O 9. Re1 Re8 10. Rb1 Rb8 11. Bd2 a6 12. d5 Na5 13. b3 b5 14. dxe6 Bxe6 15. Ng5 bxc4 16. Nxe6 fxe6 {½-½ (34) Jumabayev,R (2605)-Gelfand,B (2703) Batumi 2018}) 7... Nge7 8. Bb2 O-O 9. e3 Rb8 10. d4 {Predecessor:} cxd4 $146 11. Nxd4 Nxd4 12. exd4 Qa5 13. Re1 Nf5 14. Ne2 b5 15. cxb5 Qxb5 {0-1 (32) Diaz Montenegro,I (2017)-Perez de Aranda,L (2160) Burguillos 2007} 1/2-1/2

[Event "Oslo Chess Festival 2018"]
[Site "Oslo"]
[Date "2018.10.07"]
[Round "10"]
[White "Holm, Kristian Stuvik"]
[Black "Rishovd, Svein"]
[Result "1-0"]
[WhiteElo "2474"]
[BlackElo "2081"]
[Annotator "TA"]
[PlyCount "75"]
[EventDate "2018.09.30"]
[EventCountry "NOR"]
[SourceTitle "playchess.com"]
[Source "ChessBase"]
[SourceQuality "1"]

{[%evp 21,75,18,8,0,0,0,21,-20,-19,-12,25,24,57,59,80,68,211,211,208,126,131,133,131,121,141,131,117,114,151,137,128,122,116,89,91,98,104,91,95,108,138,114,338,-58,-20,-18,387,387,362,363,360,364,429,415,399,395]} 1. c4 e6 2. Nc3 d5 3. d4 Bb4 4. Qa4+ Nc6 5. e3 Nf6 6. Nf3 O-O 7. Bd2 dxc4 {D38: Queen's Gambit Declined: Ragozin Defence (4 Nf3 Bb4)} 8. Bxc4 Bd6 9. Qc2 e5 10. dxe5 Nxe5 11. Nxe5 Bxe5 {LiveBook: 14 Games} 12. Bd3 Qe7 13. O-O-O Rd8 14. e4 $146 ({Predecessor:} 14. Kb1 h6 15. e4 {0-1 (38) Holm,K (2417)-Vidit,S (2642) Gibraltar 2016}) 14... Be6 15. Kb1 h6 16. f4 Bxc3 17. Bxc3 Bg4 18. Rd2 Nd7 ({Black should play} 18... Kh8 $14) 19. h3 $18 Bh5 20. g4 Bg6 21. f5 Bh7 22. Rhd1 Ne5 23. Be2 {[#] Threatens to win with Rxd8+.} Rxd2 24. Qxd2 {Hoping for Qd4.} Re8 25. Ka1 Kh8 26. Qe3 a6 27. Rd5 f6 28. Bxe5 $1 fxe5 29. Qd2 Bg8 30. Rd7 Qc5 31. f6 $36 {[%mdl 2048] White is really pushing.} Re6 $2 (31... Qg1+ $16 {was necessary.} 32. Bd1 Re6) 32. g5 $2 (32. Rxg7 Rxf6 33. Rd7 Qc6 $15) (32. fxg7+ Kh7 $11) (32. f7 $18 {White wants to mate with Rd8.} Bxf7 33. Rxf7) 32... Qg1+ 33. Bd1 $1 Qxg5 $2 {[%mdl 8192]} (33... gxf6 $11 {and Black is okay.} 34. Rxc7 (34. gxh6 Rc6 $15) 34... Qxg5) 34. Qxg5 hxg5 35. f7 ({Worse is} 35. Rxc7 Rxf6 36. Kb1 Be6 $15) ({Weaker is} 35. fxg7+ Kh7 $14) 35... Bxf7 36. Rxf7 Rc6 {[%cal Rc6c1] [#]} 37. Kb1 Kh7 38. Rf5 {Precision: White = 46%, Black = 27%.} 1-0

[Event "Oslo Chess Festival 2018"]
[Site "Oslo"]
[Date "2018.10.07"]
[Round "10"]
[White "Kaasen, Tor Fredrik"]
[Black "Korneev, Oleg"]
[Result "1/2-1/2"]
[WhiteElo "2388"]
[BlackElo "2560"]
[Annotator "TA"]
[PlyCount "29"]
[EventDate "2018.09.30"]
[EventCountry "NOR"]
[SourceTitle "playchess.com"]
[Source "ChessBase"]
[SourceQuality "1"]

{[%evp 18,22,14,24,21,7,0]} 1. d4 d5 2. Nf3 Nf6 3. c4 c6 4. Qc2 dxc4 5. Qxc4 Bf5 6. g3 e6 7. Bg2 Nbd7 8. O-O Be7 9. Qb3 Qb6 10. Nbd2 {LiveBook: 29 Games. D23: Queen's Gambit Accepted: 3 Nf3 Nf6 sidelines} h6 11. Nc4 Qa6 (11... Qxb3 12. axb3 Be4 13. Nfd2 Bxg2 14. Kxg2 O-O 15. Na5 Rab8 16. Ndc4 Nd5 17. e4 {1-0 (53) Ipatov,A (2613)-Rausis,I (2578) Rabat 2014}) {Predecessor:} 12. Nfe5 $146 Rd8 13. e3 Be4 14. Bxe4 Nxe4 15. Qc2 {1-0 (38) Kallai,G (2470)-Summerscale,A (2440) France 1998} 1/2-1/2